| 000 | 00963cam a2200217 4500 | ||
|---|---|---|---|
| 001 | WB3730-42 | ||
| 008 | 010801n2001 000 0 eng u | ||
| 035 | _a(Sirsi) u113885 | ||
| 245 | _aShifting the burden | ||
| 260 | _c2001 | ||
| 490 |
_aGuardian _v 31 July 2001 |
||
| 520 | _aGovernment plans to revalue all homes in England in order to adust occupiers' tax payments in order to make local taxation fairer and take into account current house prices. However revaluing property to update council tax will benefit the north at the expense of the south, according to the New Policy Institute. But revaluation points only to the regressive nature of council tax and for now will only benefit the estate agents, paid public money to carry out the revaluations. | ||
| 590 | _aWB | ||
| 650 | _aCOUNCIL TAX | ||
| 650 | _aREVALUATIONS | ||
| 650 | _aTAX REFORM | ||
| 650 | _aLOCAL COUNCILS | ||
| 650 | _aLOCAL TAXATION | ||
| 690 | _aTAXATION | ||
| 942 | _n0 | ||
| 999 |
_c67857 _d67857 |
||